Výstava obrazov akadem. maliara Václ. Černého v Trenčíne v Tatrahotelu

Rozšírená správa o výstave obrazov Václava Černého v Trenčíne od 28.9. do 17.10.1932. Odporúčanie výstavy, stručne o počte, druhoch a úrovni vystavovaných obrazov

Bibliographic Details
Format: Article
Language:Slovak
Subjects:

MARC

LEADER 00000nab a22000001a 4500
001 vtls008997927
003 SK-MaSNL
005 20260303065824.0
008 070611d19321002xo |r|p|||| |000 b|slo
015 |a SNBRRBVU1918-1938 
038 |a SNKBUCL 
038 |a SNKBUVU 
040 |a SNKBUVU  |b slo  |c SNKBUCL  |e AACR2 
041 0 |a slo 
044 |a xo  |c SK 
080 |a 75.071.1:061.4  |2 1997 
245 0 0 |a Výstava obrazov akadem. maliara Václ. Černého v Trenčíne v Tatrahotelu 
520 |a Rozšírená správa o výstave obrazov Václava Černého v Trenčíne od 28.9. do 17.10.1932. Odporúčanie výstavy, stručne o počte, druhoch a úrovni vystavovaných obrazov 
600 1 7 |a Černý, Václav,  |d 1872-1947   |2 MM  |9 102779 
610 2 7 |a Hotel Tatra (Trenčín, Slovensko)  |2 snkbucl  |9 338117 
648 7 |a 1932  |2 MM  |9 309437 
650 0 7 |a české maliarstvo  |2 MM  |9 3112 
650 0 7 |a výstavy  |2 snkbucl  |9 2780 
651 7 |a Trenčín (Slovensko)  |2 MM  |9 159956 
773 0 |t Trenčan  |g Roč. 9, č. 40 (2.10.1932), s. 3 
852 |a SNK  |b KIS3GCP 
910 |a snkrbvumm 
958 |a VY 
958 |a CZ 
999 |c 1752868  |d 1754798